Industrial productivity in Europe : growth & crisis.
| Other Authors: | , |
|---|---|
| Format: | Book |
| Published: |
Cheltenham:
Edward Elgar Publishing,
2012.
|
| Subjects: |
| LEADER | 00546cam a2200169 7i4500 | ||
|---|---|---|---|
| 001 | 0000029130 | ||
| 005 | 20131203090000.0 | ||
| 020 | 0 | 0 | |a 9780857932099 |
| 090 | 0 | 0 | |a B 338.094 |b IND |
| 245 | 0 | 0 | |a Industrial productivity in Europe : |b growth & crisis. |
| 260 | 0 | 0 | |a Cheltenham: |b Edward Elgar Publishing, |c 2012. |
| 300 | # | # | |a 485 p. |
| 650 | 0 | 0 | |a Industrial productivity -- |z European Union countries |
| 651 | 0 | 0 | |a European Union countries |
| 700 | 1 | 0 | |a Mas, |h Matilde |
| 700 | 1 | 0 | |a Stehrer, |h Robert |
| 999 | |a B000033133 |b Book |c Book |e Business Information Centre | ||


